<?xml version="1.0" encoding="UTF-8"?>
<record
    xmlns:xsi="http://www.w3.org/2001/XMLSchema-instance"
    xsi:schemaLocation="http://www.loc.gov/MARC21/slim http://www.loc.gov/standards/marcxml/schema/MARC21slim.xsd"
    xmlns="http://www.loc.gov/MARC21/slim">

  <leader>02139nam a22004457a 4500</leader>
  <controlfield tag="001">000425</controlfield>
  <controlfield tag="003">DO-SdBNP</controlfield>
  <controlfield tag="005">20240813094400.0</controlfield>
  <controlfield tag="007">000425</controlfield>
  <controlfield tag="008">160727b2002 sp  || 00| 0 spa d</controlfield>
  <datafield tag="020" ind1=" " ind2=" ">
    <subfield code="a">8420449342 </subfield>
  </datafield>
  <datafield tag="040" ind1=" " ind2=" ">
    <subfield code="a">BPMSU</subfield>
    <subfield code="b">spa</subfield>
    <subfield code="c">BPMSU</subfield>
  </datafield>
  <datafield tag="082" ind1=" " ind2="4">
    <subfield code="a">808.83</subfield>
    <subfield code="b">A634m 2002</subfield>
    <subfield code="2">22</subfield>
  </datafield>
  <datafield tag="245" ind1="1" ind2="0">
    <subfield code="a">Antolog&#xED;a : </subfield>
    <subfield code="b">los mejores relatos fant&#xE1;sticos de habla hispana /</subfield>
    <subfield code="c">Juan Benet ... [y otros] ; selecci&#xF3;n y pr&#xF3;logo de Joan Estruch i Tobella.</subfield>
  </datafield>
  <datafield tag="250" ind1=" " ind2=" ">
    <subfield code="a">6&#xAA; ed.</subfield>
  </datafield>
  <datafield tag="260" ind1=" " ind2=" ">
    <subfield code="a">Madrid : </subfield>
    <subfield code="b">Alfaguara, </subfield>
    <subfield code="c">2002.</subfield>
  </datafield>
  <datafield tag="300" ind1=" " ind2=" ">
    <subfield code="a">129 p. ; </subfield>
    <subfield code="c">21 cm.</subfield>
  </datafield>
  <datafield tag="490" ind1="1" ind2=" ">
    <subfield code="a">Roja </subfield>
  </datafield>
  <datafield tag="490" ind1="1" ind2=" ">
    <subfield code="a">Antolog&#xED;as</subfield>
  </datafield>
  <datafield tag="505" ind1="0" ind2=" ">
    <subfield code="a">Cat&#xE1;lisis / Juan Benet ; El brujo postergado / Jorge Luis Borges ; Continuidad de los parques / Julio Cort&#xE1;zar ; El &#xE1;ngulo del horror / Cristina Fern&#xE1;ndez Cubas ; Chac Mool / Carlos Fuentes ; La luz es como el agua / Gabriel Garc&#xED;a M&#xE1;rquez ; No m&#xE1;s amores / Javier Mar&#xED;as ; El &#xE1;rbol de oro / Ana Mar&#xED;a Matute ; La primera Rosa / Jos&#xE9; Mar&#xED;a Merino ; Ella acaba con ella / Juan Jos&#xE9; Mill&#xE1;s ; Luvina / Juan Rulfo.</subfield>
  </datafield>
  <datafield tag="650" ind1=" " ind2="4">
    <subfield code="a">Cuentos juveniles espa&#xF1;oles </subfield>
    <subfield code="v">Colecciones</subfield>
  </datafield>
  <datafield tag="650" ind1=" " ind2="4">
    <subfield code="a">Cuentos juveniles latinoamericanos </subfield>
    <subfield code="v"> Colecciones</subfield>
  </datafield>
  <datafield tag="650" ind1=" " ind2="4">
    <subfield code="a">Fantas&#xED;a </subfield>
    <subfield code="v">Cuentos juveniles</subfield>
  </datafield>
  <datafield tag="650" ind1=" " ind2="4">
    <subfield code="a">Horror</subfield>
    <subfield code="v"> Cuentos juveniles</subfield>
  </datafield>
  <datafield tag="700" ind1="1" ind2=" ">
    <subfield code="a">Estruch Tobella, Joan,</subfield>
    <subfield code="d">1953-</subfield>
    <subfield code="e">pr&#xF3;logo </subfield>
  </datafield>
  <datafield tag="700" ind1="1" ind2=" ">
    <subfield code="a">Benet, Juan, </subfield>
    <subfield code="e">1927-1993.</subfield>
  </datafield>
  <datafield tag="700" ind1="1" ind2=" ">
    <subfield code="a">Benet, Juan, </subfield>
    <subfield code="d">1927-1993. </subfield>
    <subfield code="t">Cat&#xE1;lisis.</subfield>
  </datafield>
  <datafield tag="700" ind1="1" ind2=" ">
    <subfield code="a">Borges, Jorge Luis, </subfield>
    <subfield code="d">1899-1986. </subfield>
    <subfield code="t">Brujo postergado.</subfield>
  </datafield>
  <datafield tag="700" ind1="1" ind2=" ">
    <subfield code="a">Cort&#xE1;zar, Julio, </subfield>
    <subfield code="d">1914-1984. </subfield>
    <subfield code="t">Continuidad de los parques.</subfield>
  </datafield>
  <datafield tag="700" ind1="1" ind2=" ">
    <subfield code="a">Fern&#xE1;ndez Cubas, Cristina,</subfield>
    <subfield code="d">1945-</subfield>
    <subfield code="t">&#xC1;ngulo del horror</subfield>
  </datafield>
  <datafield tag="700" ind1="1" ind2=" ">
    <subfield code="a">Fuentes, Carlos, </subfield>
    <subfield code="d">1928-2012</subfield>
    <subfield code="t">Chac Mool.</subfield>
  </datafield>
  <datafield tag="700" ind1="1" ind2=" ">
    <subfield code="a">Garc&#xED;a M&#xE1;rquez, Gabriel, </subfield>
    <subfield code="d">1927-2014</subfield>
    <subfield code="t">Luz es como el agua.</subfield>
  </datafield>
  <datafield tag="700" ind1="1" ind2=" ">
    <subfield code="a">Mar&#xED;as, Javier,</subfield>
    <subfield code="d">1951- </subfield>
    <subfield code="t">No m&#xE1;s amores.</subfield>
  </datafield>
  <datafield tag="700" ind1="1" ind2=" ">
    <subfield code="a">Matute, Ana Mar&#xED;a,</subfield>
    <subfield code="d">1926-2014</subfield>
    <subfield code="t">Arbol de oro.</subfield>
  </datafield>
  <datafield tag="700" ind1="1" ind2=" ">
    <subfield code="a">Merino, Jos&#xE9; Mar&#xED;a,</subfield>
    <subfield code="d">1941- </subfield>
    <subfield code="t">Primera Rosa.</subfield>
  </datafield>
  <datafield tag="700" ind1="1" ind2=" ">
    <subfield code="a">Mill&#xE1;s, Juan Jos&#xE9;, </subfield>
    <subfield code="d">1946- </subfield>
    <subfield code="t">Ella acaba con ella.</subfield>
  </datafield>
  <datafield tag="700" ind1="1" ind2=" ">
    <subfield code="a">Rulfo, Juan, </subfield>
    <subfield code="d">1918-1986.</subfield>
    <subfield code="t">Luvina.</subfield>
  </datafield>
  <datafield tag="910" ind1=" " ind2=" ">
    <subfield code="a">VMateo V. Control de calidad. BPMSU </subfield>
  </datafield>
  <datafield tag="942" ind1=" " ind2=" ">
    <subfield code="2">ddc</subfield>
    <subfield code="c">BK</subfield>
  </datafield>
  <datafield tag="952" ind1=" " ind2=" ">
    <subfield code="0">0</subfield>
    <subfield code="1">0</subfield>
    <subfield code="2">ddc</subfield>
    <subfield code="4">0</subfield>
    <subfield code="7">0</subfield>
    <subfield code="8">CJ-G</subfield>
    <subfield code="a">BPMET</subfield>
    <subfield code="b">BPMET</subfield>
    <subfield code="d">2016-07-27</subfield>
    <subfield code="e">FUNDI</subfield>
    <subfield code="l">0</subfield>
    <subfield code="o">BPMSU CJG 808.83 A634m 2002</subfield>
    <subfield code="p">BPMSU16070671</subfield>
    <subfield code="r">2016-07-27</subfield>
    <subfield code="w">2016-07-27</subfield>
    <subfield code="y">BK</subfield>
  </datafield>
  <datafield tag="999" ind1=" " ind2=" ">
    <subfield code="c">11043</subfield>
    <subfield code="d">11043</subfield>
  </datafield>
</record>
